Statistics for Word Addition Click Quiz #8

Click here to take the quiz!

General Stats

  • This quiz has been taken 2,276 times
  • The average score is 16 of 20

Answer Stats

HintAnswer% Correct
THOUSAND
92%
SUGARCANE
91%
GOBLIN
87%
DISMAY
86%
LONGJUMP
85%
DIVERTING
85%
MENDING
83%
GANGSTA
82%
REDEPLOY
81%
UPSURGE
81%
SEASON
80%
SWAMPING
80%
DINGBAT
79%
DOGMA
78%
WHAMMY
78%
MICROBE
76%
TRAVELOGS
76%
BARMAIDS
75%
DEPLORE
74%
CABOODLES
72%

Score Distribution

Percentile by Number Answered

Percent of People with Each Score

Your Score History

You have not taken this quiz